| 000 | 00630nam a22002177a 4500 | ||
|---|---|---|---|
| 999 |
_c3331 _d3331 |
||
| 003 | OSt | ||
| 005 | 20231114152758.0 | ||
| 008 | 231114b ||||| |||| 00| 0 eng d | ||
| 020 | _a9789670976013 | ||
| 040 | _cKH8 | ||
| 082 | _a400 AHM | ||
| 100 |
_aAhmad Zaid Ismail, _eauthor. |
||
| 245 |
_aBalasan Perbuatan Menipu / _cAhmad Zaid Ismail. |
||
| 260 |
_aKelantan ; _bPustaka Sukses, _c2016. |
||
| 300 |
_a24 pages : _bcolor illustrations ; _c19 cm x 26 cm. |
||
| 440 | _aSiri Pengajaran Positif | ||
| 650 |
_aCustoms _vetiquette |
||
| 650 |
_aDidactic fiction _vauthor. |
||
| 830 | _aSiri Pengajaran Positif | ||
| 942 |
_2ddc _cTR |
||